One Piece - Top 10 des personnage les plus loyaux envers Luffy - Statistiques

Statistiques générales
  • Ce quiz a été pris 213 fois
  • Le résultat moyen est 7 sur 10
Statistiques - réponses
Place Personnage % Correct
🏅 Roronoa Zoro
99%
🥉 Nami
96%
5ème Vinsmoke Sanji
96%
6ème Nico Robin
89%
9ème Portgas D. Ace
82%
7ème Sabo
79%
10ème Bartoloméo
58%
🥈 Boa Hancock
45%
4ème Jewelry Bonney
16%
8ème Bentham
10%
Aucun quiz correspondant
Distribution des résultats
% des personnes avec chaque résultat
Percentile par nombre de réponses
Votre historique - résultats
Vous n’avez pas pris ce quiz